| 000 | 00878nam a22002057a 4500 | ||
|---|---|---|---|
| 999 |
_c58518 _d58518 |
||
| 003 | Ge_BSU | ||
| 005 | 20220517112257.0 | ||
| 008 | 220517s2021 ge ||||| |||| 00| 0 geo d | ||
| 020 | _a9789941330872 | ||
| 041 | _age | ||
| 080 | _a821.353.1-1 ც-51 | ||
| 100 |
_aცეცხლაძე, ვალიკო _913750 |
||
| 245 |
_aრაა ლექსი, თუ არ ტოვებს სითბოს / _cვალიკო ცეცხლაძე; რედაქტორი ქეთევან ცეცხლაძე. |
||
| 264 |
_aთბილისი : _bუნივერსალი, _c2021. |
||
| 300 |
_a207 გვ.: _bსურ.; _c21 სმ. |
||
| 504 | _aბიბლიოგრ. გვ. 207 | ||
| 653 | _aლექსები | ||
| 700 |
_aცეცხლაძე, ქეთევან _eრედაქტორი _913751 |
||
| 942 |
_2udc _cBK |
||